El existencialismo ensayo de interpretacion / (Registro nro. 48085)

Detalles MARC
000 -LEADER
fixed length control field 01116nam a2200301 4500
001 - CONTROL NUMBER
control field 0000016539
003 - CONTROL NUMBER IDENTIFIER
control field CO-CtgCURN
005 - DATE AND TIME OF LATEST TRANSACTION
control field 20250506203458.0
008 - FIXED-LENGTH DATA ELEMENTS--GENERAL INFORMATION
fixed length control field 160627s1951 000 0 eng d
020 ## - INTERNATIONAL STANDARD BOOK NUMBER
International Standard Book Number 9681608801
040 ## - CATALOGING SOURCE
Original cataloging agency CO-CtgCURN
Language of cataloging spa
Transcribing agency coctgcurn
082 0# - DEWEY DECIMAL CLASSIFICATION NUMBER
Classification number 111.1
Item number B663e
100 1# - MAIN ENTRY--PERSONAL NAME
Personal name Bobbio, Norberto.
245 13 - TITLE STATEMENT
Title El existencialismo ensayo de interpretacion /
Statement of responsibility, etc. Norberto Bobbio , version española de Lore Terracini.
260 ## - PUBLICATION, DISTRIBUTION, ETC.
Place of publication, distribution, etc. Mexico :
Name of publisher, distributor, etc. Fondo de Cultura Economica,
Date of publication, distribution, etc. 1951.
300 ## - PHYSICAL DESCRIPTION
Extent 95 p.
336 ## - CONTENT TYPE
Source rdacontent
337 ## - MEDIA TYPE
Source rdamedia
Media type term sin mediacion
Media type code n
338 ## - CARRIER TYPE
Source rdacarrier
Carrier type term volumen
Carrier type code nc
490 1# - SERIES STATEMENT
Series statement Breviarios del Fondo de Cultura Economica ;
Volume/sequential designation 20
500 ## - GENERAL NOTE
General note Titulo original: An Introdution to Aesthetics.
505 8# - FORMATTED CONTENTS NOTE
Formatted contents note Existencialismo.--Filosofia de la crisis y crisis de la filosofia.--Banidad y excepcion.--Existencialismo y sociedad
650 #0 - SUBJECT ADDED ENTRY--TOPICAL TERM
Topical term or geographic name entry element Existencialismo.
700 1# - ADDED ENTRY--PERSONAL NAME
Personal name Terracini, Lore,
Relator term Traductor.
908 ## - PUT COMMAND PARAMETER (RLIN)
Put command parameter 160627
942 ## - ADDED ENTRY ELEMENTS (KOHA)
Koha item type Libros
Classification part 111.1
Item part B663e
Source of classification or shelving scheme Dewey Decimal Classification
Koha issues (borrowed), all copies 1
999 ## - SYSTEM CONTROL NUMBERS (KOHA)
-- 1
Existencias
Withdrawn status Lost status Source of classification or shelving scheme Damaged status Not for loan Home library Current library Shelving location Date acquired Inventory number Total checkouts Full call number Barcode Date last seen Date last checked out Price effective from Koha item type Public note
    Dewey Decimal Classification     Miguel Henríquez Castañeda Miguel Henríquez Castañeda General 03/04/2019 001980 1 111.1 B663e 001980 03/08/2024 03/08/2024 03/04/2019 Libros 110-METAFI